Digitação Rápida - Código Binário - Statistics

Estatísticas Gerais
  • Esse quiz foi jogado 165 vezes
  • A pontuação média é 24 de 56
Estatísticas das Respostas
% Correto
0 0
67%
0 0
59%
1 1
58%
1 1
57%
0 0
56%
1 1
55%
0 0
54%
1 1
54%
0 0
52%
0 0
52%
1 1
52%
0 0
50%
0 0
50%
0 0
50%
0 0
50%
0 0
50%
0 0
50%
1 1
50%
0 0
48%
0 0
48%
0 0
48%
1 1
48%
1 1
48%
1 1
48%
1 1
48%
1 1
48%
1 1
48%
1 1
47%
1 1
46%
0 0
45%
1 1
45%
1 1
45%
1 1
45%
1 1
44%
1 1
44%
0 0
43%
1 1
43%
1 1
42%
1 1
42%
0 0
40%
0 0
40%
0 0
40%
0 0
39%
0 0
39%
0 0
39%
0 0
38%
0 0
38%
1 1
38%
1 1
38%
0 0
37%
0 0
36%
1 1
36%
1 1
35%
0 0
33%
0 0
33%
1 1
33%
1 1
30%
0 0
29%
1 1
29%
1 1
29%
1 1
27%
0 0
26%
1 1
25%
0 0
23%
1 1
23%
1 1
17%
Nenhum quiz correspondente encontrado
Distribuição das Pontuações
Porcentagem de Pessoas com Cada Pontuação
Percentil de Números Respondidos
Sua Pontuação Histórica
Você não jogou esse quiz